| 000 | 00552nam a2200169Ia 4500 | ||
|---|---|---|---|
| 008 | 180921t2017 xxu||||| |||| 00| 0 sin d | ||
| 041 | _asin | ||
| 080 |
_a294.3 _bGNA |
||
| 100 | _aGnanananda Himi,Kiribathgoda | ||
| 245 | _aමහමෙව්නාවේ පාලි සිංහල පිරුවානා පොත් වහන්සේ | ||
| 246 | _aMahamevnawa Pali- Sinhala Piruwana Poth Wahanse | ||
| 260 |
_bMahamegha _aPolgahawela _c2017 |
||
| 300 | _b200p, 30cm | ||
| 942 | _cBK | ||
| 999 |
_c1980 _d1980 |
||
| 003 | LK-CoDNM | ||
| 040 |
_aLK-CoDNM _dLK-CoDNM _eLK-CoDNM |
||